Statistics for Impractical Jokers Quiz

Click here to take the quiz!

General Stats

  • This quiz has been taken 243 times
  • The average score is 8 of 12

Answer Stats

HintAnswer% Correct
Who is Joe always looking for, but can never find?Larry
96%
Who has lost the most punishments overall?Sal
95%
Which US state are all 4 of them from?Staten Island, NY
84%
Which year was impractical jokers aired on TruTV?2011
82%
Which animal do they say Murr looks like?A Ferret
82%
In season 3 episode 26 "the permanent punishment" Sal was made to get a tattoo of which celebrity on his leg?Jaden Smith
72%
What is the name of one of Q's cats who frequently appears in episodes to scare Sal?Benjamin
68%
They were originally going to do a scripted show, what was it called?Mission: Uncomfortable
63%
Which 2 jokers guest starred on the TV series Bones?Murr and Sal
61%
They say that Q looks like a fat ____ _'_______Rosie O'Donnell
43%
Their 2017 tour is called the '________ sent us tour'Santiago
38%
In season 3 episode 31 "brother-in-loss" Murr marries Sal's sister, what's her name?Jenna
36%

Score Distribution

Percentile by Number Answered

Percent of People with Each Score

Your Score History

You have not taken this quiz